000 01054cam a22003137a 4500
003 CHAP
005 20220329135956.0
008 971013s1983 r 00010 d
010 _a44988
011 _a45960
035 _a50100
040 _cCHAP
090 _aTesis
100 0 0 _aUvalle Guerrero, Rubén.
_9117151
245 0 _aEvaluación del uso actual del suelo en el estado de Sinaloa, por medio de imágenes de satélite Landsat
260 _aMonterrey, N.L. :
_bEl autor,
_c1983
300 _a73 h.
502 _aTesis (Ing. Agrónomo Fitotecnista) -- Univ. Autónoma de Nuevo León. Fac. de Agronomía
590 _aALEPH
_b10
_c20130110
_lUCH01
_h1315
590 _aBATCH-UPD
_b10
_c20130110
_lUCH01
_h1654
590 _aBATCH-UPD
_b10
_c20130410
_lUCH01
_h1043
590 _aBATCH-UPD
_b10
_c20130914
_lUCH01
_h1432
590 _aCONVERSION
_b10
_c20130109
_lUCH01
_h1325
650 1 4 _aFotografía aérea.
_942714
650 1 4 _aSuelos
_xSinaloa.
_9110481
901 _aBK
942 _cTESIS
949 _bBC
_cTES
_d501001
_eTS1
_h31969
_i50100
_sb
999 _c44988
_d44988